| 000 | 00505nam a2200169 4500 | ||
|---|---|---|---|
| 001 | 111932 | ||
| 003 | ES-MaACL | ||
| 005 | 20230906185404.0 | ||
| 007 | t| | ||
| 008 | 061121s1962 sp r ||||1| spa d | ||
| 100 | 1 |
_aNewman, James R. _985495 |
|
| 245 | 1 | 1 |
_a¿Qué es la ciencia? / _cJames R. Newman; traducción del inglés por Federico Portillo. |
| 260 |
_aMadrid : _bAguilar, _c1962. |
||
| 300 |
_a486 p. ; _c21 cm. |
||
| 700 | 1 |
_aPortillo, Federico. _993252 |
|
| 852 |
_aES-MaACL _jC-22988 _bR.51511 |
||
| 999 |
_c111932 _d111932 |
||